[Event "Match Karjakin-Inarkiev 2019"]
[Site "Nazran"]
[Date "2019.08.02"]
[Round "1.1"]
[White "Karjakin, Sergey"]
[Black "Inarkiev, Ernesto"]
[Result "1/2-1/2"]
[WhiteElo "2750"]
[BlackElo "2682"]
[Annotator "TA"]
[PlyCount "148"]
[EventDate "2019.08.02"]
[EventType "match"]
[EventCountry "RUS"]
[SourceTitle "playchess.com"]
[Source "ChessBase"]
[SourceQuality "1"]

{[%evp 11,148,22,22,12,12,2,33,38,29,28,29,33,33,37,52,47,61,50,91,62,73,53,56,72,46,47,52,58,90,23,25,0,0,0,15,0,-2,0,360,379,376,380,373,382,396,388,385,338,460,394,717,441,735,554,512,450,389,227,218,204,226,220,242,240,238,237,228,174,204,199,268,221,189,227,219,228,204,188,201,209,199,0,0,0,0,0,0,0,0,0,301,0,0,0,0,0,0,-577,-574,-567,-567,-567,-560,-536,-530,-980,-956,-1847,-1675,-1145,0,-607,-607,-607,-607,-607,-607,-600,-101,-101,-101,-101,-101,-101,-11,-11,-11,-11,-11,-11,0,-11,0,0,0,0,0,0,0]} 1. e4 c5 2. Nf3 Nc6 3. Nc3 e5 4. Bc4 d6 5. d3 Be7 6. O-O Nf6 7. Nd5 {B30: Sicilian: 2...Nc6 3 Bb5, lines without ...g6} (7. h3 O-O 8. Ne2 a6 9. a3 b5 10. Ba2 Be6 11. Bxe6 fxe6 12. Ng3 d5 13. Re1 d4 14. c3 Kh8 {0-1 (89) Aronian,L (2765)-Carlsen,M (2835) St Petersburg 2018}) 7... O-O 8. a3 {[%cal Ba2a3,Ba3a4,Ba4a5][%mdl 32]} Be6 9. Ng5 $146 {White is slightly better.} ({Predecessor:} 9. c3 Bxd5 10. Bxd5 Nxd5 11. exd5 Nb8 12. b4 Nd7 13. Rb1 Rc8 14. c4 cxb4 15. Rxb4 {½-½ (32) Aroshidze,L (2411)-Zhigalko,S (2473) Izmir 2004}) 9... Bxd5 10. exd5 Nb8 11. a4 Nbd7 12. a5 h6 13. Ne4 Rb8 14. Bd2 Qc7 15. Qf3 Nh7 16. Qg3 Kh8 17. f4 f5 18. Nc3 a6 19. Ne2 Rbe8 20. Kh1 (20. Qh3 $16) 20... g5 $1 $11 21. fxe5 Nxe5 22. Qh3 f4 23. Qxh6 Rf6 24. Qh5 $36 {[%mdl 2048] White fights for an advantage.} Rg6 $2 {[%mdl 8192]} (24... Qc8 $1 $11 {and Black stays safe.}) 25. d4 $18 Nxc4 26. Qxg6 Rg8 27. Qd3 Nxd2 28. Qxd2 Nf6 29. c4 Ng4 30. Rf3 Bf6 $2 (30... Bf8 31. Raf1 Bh6) 31. Raf1 cxd4 (31... Rg7 $142 32. dxc5 dxc5) 32. Nxd4 Qxc4 33. Nf5 {Rh3+ would kill now.} Rd8 34. h3 (34. Qd1 $142) 34... Ne5 35. R3f2 Qe4 36. Qc2 Qxd5 37. Rd1 Qe6 38. Nd4 Qd7 39. Qb3 Re8 40. Qd5 Kg7 (40... Rc8 {was necessary.} 41. Rc2 Re8) 41. Qxd6 {[%mdl 64] Deflection, Decoy} Qxd6 42. Nf5+ {[%mdl 64] Double Attack, Discovered Attack} Kg6 43. Nxd6 Re7 44. Ne4 Nc4 45. Nxf6 Kxf6 {[%mdl 4096] Endgame KRR-KRN} 46. Rc2 $2 ({White should try} 46. Kg1 $18) 46... Ne3 $11 47. Rd6+ Ke5 $1 {[%cal Re5d6]} 48. Rcd2 Rc7 $1 {[%cal Rc7c1] Hoping for ...Rc1+.} 49. Kg1 Rc1+ 50. Kf2 {And now Rd7 would win.} Rf1+ $1 51. Ke2 Rg1 52. Rd7 {Kf3 is the strong threat.} Rxg2+ 53. Kd3 Rg3 {Threatens to win with ...Nf1+.} 54. Rh7 $2 {[%mdl 8192]} (54. Re2 $11) 54... Nf1+ $19 {[%mdl 64] Discovered Attack} 55. Ke2 Nxd2 56. Kxd2 {KR-KR} Rb3 57. Kc2 Rb5 58. Re7+ Kd4 59. b3 Rf5 60. Kd2 Rb5 $2 (60... f3 $19 {Strongly threatening ...f2.} 61. Rd7+ Ke4) 61. Rf7 $2 {[%mdl 8192]} (61. Kc2 $11 f3 62. Kd2) 61... Rxb3 62. h4 gxh4 63. Rxf4+ Kc5 $1 64. Rxh4 {[#]} Rb5 $2 (64... Kb5 $1 $19 {[%cal Rb5a5]} 65. Kc2 Rb4 66. Rh5+ Ka4) 65. Ra4 $17 {[#]} Rb4 $1 {[%cal Rb4a4]} 66. Ra1 Kb5 67. Ra3 Ra4 (67... Rd4+ $17 68. Kc2 Re4) 68. Rb3+ $1 $11 {The position is equal.} Kc6 69. Rc3+ Kd6 70. Rb3 Kc6 71. Rc3+ Kb5 72. Rc7 Rxa5 {White must now prevent ...Kb6.} 73. Rxb7+ Kc4 74. Kc2 Ra2+ {Accuracy: White = 58%, Black = 48%.} 1/2-1/2

[Event "Match Karjakin-Inarkiev 2019"]
[Site "Nazran"]
[Date "2019.08.02"]
[Round "2.1"]
[White "Inarkiev, Ernesto"]
[Black "Karjakin, Sergey"]
[Result "1/2-1/2"]
[WhiteElo "2682"]
[BlackElo "2750"]
[Annotator "TA"]
[PlyCount "65"]
[EventDate "2019.08.02"]
[EventType "match"]
[EventCountry "RUS"]
[SourceTitle "playchess.com"]
[Source "ChessBase"]
[SourceQuality "1"]

{[%evp 9,65,0,0,1,39,47,35,35,31,25,40,36,35,28,58,19,25,12,50,46,81,84,90,91,75,87,73,72,120,120,125,86,92,-11,-9,-18,-13,-5,-16,-17,-23,-54,-44,-72,-62,-83,0,0,0,0,0,0,0,0,0,0,0,0]} 1. c4 Nf6 2. Nf3 e6 3. g3 d5 4. Bg2 dxc4 5. O-O a6 6. Qc2 {A13: English Opening: 1...e6} Nbd7 7. a4 {[%cal Ba2a4,Ba4a5][%mdl 32]} c5 (7... Nb6 8. a5 Nbd5 9. Qxc4 b5 10. axb6 cxb6 11. Nc3 Bb7 12. d4 b5 13. Qb3 Be7 {½-½ (67) Adhiban,B (2695)-Jumabayev,R (2602) Makati 2018}) 8. a5 {White is slightly better.} Be7 9. Qxc4 b5 10. axb6 $1 Bb7 $146 ({Predecessor:} 10... Nxb6 11. Qc2 Bb7 12. d3 O-O 13. Na3 Rc8 {1-0 (41) Cruz,C (2540)-Viswanadha,K (2375) Brownsville 2015}) 11. d3 O-O 12. Na3 Nxb6 13. Qb3 Bd5 14. Qc2 Qc7 15. Bf4 Qb7 16. e4 Bc6 17. Ne5 Bb5 18. Nac4 Rfd8 19. Na5 Qc8 20. Rfc1 Nfd7 21. d4 ({White should play} 21. Nf3 $16) 21... Nxe5 $11 22. Bxe5 {[%cal Rd4c5]} Nd7 $1 23. Bf4 g5 $1 {[%cal Rg5f4]} 24. Bd2 cxd4 {Black wants to play ...Qxc2.} 25. Qd1 Qb8 $1 26. Qg4 Ne5 27. Qh5 Be8 (27... f6 $17 28. f4 gxf4) 28. Bxg5 {The position is equal.} f6 29. Qh3 $1 {[%cal Rh3e6]} fxg5 30. Qxe6+ {[%mdl 64] [#] Double Attack} Kf8 {And now ...Bd7 would win.} 31. Qh6+ Kg8 32. Qe6+ {[%mdl 64] Double Attack} Kf8 {Hoping for ...Bd7.} 33. Qh6+ {Accuracy: White = 68%, Black = 63%.} 1/2-1/2

[Event "Match Karjakin-Inarkiev 2019"]
[Site "Nazran"]
[Date "2019.08.02"]
[Round "3.1"]
[White "Karjakin, Sergey"]
[Black "Inarkiev, Ernesto"]
[Result "0-1"]
[WhiteElo "2750"]
[BlackElo "2682"]
[Annotator "RC"]
[PlyCount "86"]
[EventDate "2019.08.02"]
[EventType "match"]
[EventCountry "RUS"]
[SourceTitle "playchess.com"]
[Source "ChessBase"]
[SourceQuality "1"]
[TimeControl "900+10"]

1. e4 {[%emt 0:00:00]} c5 {[%emt 0:00:00]} 2. Nf3 {[%emt 0:00:00]} Nc6 {[%emt 0:00:00]} 3. d4 {[%emt 0:00:00]} cxd4 {[%emt 0:00:00]} 4. Nxd4 {[%emt 0:00:00]} Nf6 {[%emt 0:00:00]} 5. Nc3 {[%emt 0:00:00]} e5 {[%emt 0:00:00]} 6. Ndb5 {[%emt 0:00:00]} d6 {[%emt 0:00:00]} 7. Nd5 {[%emt 0:00:00]} Nxd5 {[%emt 0:00:00]} 8. exd5 {[%emt 0:00:00]} Ne7 {[%emt 0:00:00]} 9. c4 {[%emt 0:00:00]} Ng6 {[%emt 0:00:00]} 10. Qa4 {[%emt 0:00:00]} Bd7 {[%emt 0:00:00]} 11. Qb4 {[%emt 0:00:00]} Bf5 {[%emt 0:00:00]} 12. h4 {[%emt 0:00:00]} h5 {[%emt 0:00:00]} 13. Bg5 {[%emt 0:00:00]} Qb8 {[%emt 0:00:00]} 14. g3 {[%emt 0:00:00]} a6 {[%emt 0:00:00]} 15. Nc3 {[%emt 0:00:00]} Be7 {[%emt 0:00:00]} 16. Be3 {[%emt 0:00:00]} O-O {[%emt 0:00:00]} 17. Be2 {[%emt 0:00:00]} e4 {[%emt 0:00:00]} 18. Bxh5 {[%emt 0:00:00]} Ne5 {[%emt 0:00:00]} 19. Be2 {[%emt 0:00:00]} Qc8 {[%emt 0:00:33]} 20. Na4 {[%emt 0:00:00]} Bd8 {[%emt 0:02:46]} 21. Qxd6 {[%emt 0:00:32]} Nxc4 {[%emt 0:01:13]} 22. Qf4 {[%emt 0:02:20]} Bc7 {[%emt 0:03:18]} 23. Qg5 {[%emt 0:00:02]} f6 {[%emt 0:03:22]} 24. Qh5 {[%emt 0:00:11]} Ne5 {[%emt 0:00:17]} 25. Rc1 {[%emt 0:04:28]} Bg6 {[%emt 0:00:49]} 26. Qxe5 {[%emt 0:00:31]} fxe5 {[%emt 0:00:28]} 27. O-O {[%emt 0:00:03]} Qb8 {[%emt 0:03:25]} 28. Nc5 {[%emt 0:00:45]} Bd6 {[%emt 0:00:52]} 29. Nd7 {[%emt 0:00:30]} Qe8 {[%emt 0:00:02]} 30. Nxf8 {[%emt 0:00:04]} Qxf8 {[%emt 0:00:09]} 31. Rc3 {[%emt 0:00:39]} Rc8 {[%emt 0:00:17]} 32. Rfc1 {[%emt 0:00:11]} Rxc3 {[%emt 0:00:04]} 33. Rxc3 {[%emt 0:00:01]} Qf7 {[%emt 0:00:36]} 34. Rc8+ {[%emt 0:00:23]} Kh7 {[%emt 0:00:01]} 35. Rd8 {[%emt 0:00:00]} Qxd5 {[%emt 0:00:32]} 36. Bg4 {[%emt 0:00:28]} Bf7 {[%emt 0:00:34]} 37. Bf5+ {[%emt 0:01:03]} g6 {[%emt 0:00:10]} 38. Bg4 {[%emt 0:00:08]} Be6 {[%emt 0:00:01]} 39. Be2 {[%emt 0:00:04]} Qc6 {[%emt 0:00:35]} 40. Bg5 {[%emt 0:00:13]} Kg7 {[%emt 0:00:05]} 41. h5 {[%emt 0:00:29]} gxh5 {[%emt 0:00:07]} 42. Bxh5 {[%emt 0:00:01]} Bc5 {[%emt 0:00:32]} 43. b4 {[%emt 0:00:15]} Bxb4 {[%emt 0:00:06]} 0-1

[Event "Match Karjakin-Inarkiev 2019"]
[Site "Nazran"]
[Date "2019.08.03"]
[Round "4.1"]
[White "Inarkiev, Ernesto"]
[Black "Karjakin, Sergey"]
[Result "0-1"]
[WhiteElo "2682"]
[BlackElo "2750"]
[Annotator "TA"]
[PlyCount "146"]
[EventDate "2019.08.02"]
[EventType "match"]
[EventCountry "RUS"]
[SourceTitle "playchess.com"]
[Source "ChessBase"]
[SourceQuality "1"]

{[%evp 10,146,9,23,18,22,13,0,0,4,0,0,0,0,0,0,0,0,0,-8,0,0,0,-4,0,0,0,0,0,-5,0,-30,-30,-39,-35,-37,-42,-49,-52,-54,-37,-47,0,0,13,0,0,0,0,1,4,4,9,0,0,0,0,0,0,0,0,-28,-32,-38,0,-47,-47,-49,-49,-62,-8,-8,-8,-8,-8,-8,-8,-8,-7,-8,-8,-8,0,0,0,0,0,0,0,0,0,-218,0,0,0,0,-8,-8,-8,-8,-8,-8,-8,-8,-8,-129,-8,-8,-8,-8,-8,-8,-8,-8,-8,-66,-94,-183,-183,-29975,-29976,-29976,-29977,-29977,-29978,-29978,-29979,-29979,-29980,-29980,-29981,-29981,-29982,-29982,-29983,-29983,-29984,-29984,-29985]} 1. d4 Nf6 2. c4 e6 3. Nc3 Bb4 4. Nf3 O-O 5. Bg5 c5 6. Rc1 cxd4 {E21: Nimzo-Indian: 4 Nf3} (6... h6 7. Bh4 cxd4 8. Nxd4 d5 9. cxd5 g5 10. Bg3 Qxd5 11. a3 Bxc3+ 12. bxc3 Ne4 13. f3 Nxg3 14. hxg3 {½-½ (45) Harikrishna,P (2743)-Kramnik,V (2779) Batumi 2018}) 7. Nxd4 h6 8. Bxf6 Qxf6 {The position is equal.} 9. e3 Nc6 10. a3 $146 Bxc3+ 11. Rxc3 Rd8 12. Qf3 Qe5 13. Qg3 Qf6 14. Qf3 Qe7 15. Bd3 Ne5 16. Qd1 d5 17. cxd5 Nxd3+ 18. Qxd3 Rxd5 19. O-O Qd6 20. Rfc1 Bd7 {...e5 is the strong threat.} 21. Qc2 Rd8 22. h3 e5 23. Nf3 {aiming for e4.} Bc6 24. b4 f6 25. Qb3 Kf8 (25... Kh7 $15) 26. Nh4 $1 $11 Be8 27. Nf5 Qd7 28. e4 Rd1+ 29. Kh2 Rxc1 30. Rxc1 Bg6 31. Qe3 b6 32. g4 Kg8 33. Rc3 Kh7 34. Kg2 Qd1 35. Qc1 Qxc1 36. Rxc1 {[%mdl 4096] Endgame KRB-KRN} Rd3 (36... Bxf5 $5 37. gxf5 Rd3 $15) 37. Rc7 (37. Ng3 {is interesting.} Rxa3 38. Rc7 Ra4 39. Kf3 a5 40. bxa5 bxa5 41. h4) 37... Bxf5 $1 38. gxf5 Rxa3 $15 {KR-KR} 39. b5 h5 (39... Ra4 $15 40. f3 h5) 40. h4 $11 Ra5 41. Kg3 Kh6 ({Don't do} 41... Rxb5 42. Rxa7 Rb3+ 43. Kg2 $17) 42. Rf7 Rxb5 43. Rxa7 Rc5 44. Rb7 Rc6 45. f3 Kh7 46. Kf2 Rc2+ 47. Kg3 Rb2 48. Kh3 b5 49. Kg3 b4 50. Rb6 $2 (50. Rb8 $11) 50... Rb1 $2 (50... Kg8 $1 $19 51. Rb8+ Kf7) 51. Rb8 $1 b3 52. Kh2 b2 {With the idea ...g6.} 53. Kg2 g6 54. Rb7+ Kh6 {next ...g5 is good for Black.} 55. fxg6 Kxg6 56. Rb6 Kf7 57. Kh2 {[#]} (57. Rb8 $1 $11 {was the only way to keep the balance.} Ke6 58. Rb5) 57... Ke7 (57... Rf1 $1 $17 58. Rxb2 Rxf3 59. Rb7+ Kg6) 58. Kg2 Kd7 {Hoping for ...Kc7.} 59. Rb3 Kc6 {Strongly threatening ...Kc5.} 60. Rb8 Kc5 {White must now prevent ...Kc4.} 61. Rc8+ Kd4 62. Rb8 (62. Rd8+ $11 Ke3 63. Rb8) 62... Kc3 63. Rc8+ Kd3 {( -> ...Rc1)} 64. Rb8 $2 (64. Rd8+ $19 Ke3 65. Rb8) 64... Re1 {Black mates.} 65. Rxb2 Re2+ 66. Rxe2 Kxe2 {K3P-K3P} 67. Kg3 {[#]} Kf1 $1 68. f4 Ke2 69. fxe5 fxe5 70. Kg2 Ke3 71. Kf1 Kxe4 72. Ke2 Kf4 73. Kf2 Kg4 {Accuracy: White = 68%, Black = 68%.} 0-1

[Event "Match Karjakin-Inarkiev 2019"]
[Site "Nazran"]
[Date "2019.08.03"]
[Round "5.1"]
[White "Karjakin, Sergey"]
[Black "Inarkiev, Ernesto"]
[Result "1/2-1/2"]
[WhiteElo "2750"]
[BlackElo "2682"]
[Annotator "TA"]
[PlyCount "69"]
[EventDate "2019.08.02"]
[EventType "match"]
[EventCountry "RUS"]
[SourceTitle "playchess.com"]
[Source "ChessBase"]
[SourceQuality "1"]

{[%evp 19,69,38,38,0,0,0,0,-6,-15,-16,-17,-11,0,-2,0,0,0,0,0,-10,-6,-12,-12,-10,0,-51,0,0,0,0,0,0,0,0,0,0,0,0,0,0,0,0,0,0,0,0,0,0,0,0,0,0]} 1. d4 d5 2. c4 e6 3. Nf3 dxc4 4. e3 Nf6 5. Bxc4 c5 6. O-O a6 7. Nc3 b5 8. Be2 Bb7 9. dxc5 Bxc5 10. Qxd8+ Kxd8 11. Bd2 {D27: Queen's Gambit Accepted: Classical main line: 7 e4!? and 7 a4} (11. Nd2 Ke7 12. Nb3 Bb6 13. a4 b4 14. a5 Bc7 15. Na4 Nbd7 16. Bd2 Bd6 17. Rfc1 Rhc8 18. Nb6 Rxc1+ 19. Rxc1 Nxb6 20. axb6 {1-0 (31) Carlsen,M (2832)-So,W (2815) chess.com INT 2017}) 11... Ke7 12. Rfc1 $146 ({Predecessor:} 12. Rfd1 Nbd7 13. Ne1 Rac8 14. Nd3 Bd6 15. f3 Nb6 16. e4 Nc4 17. Be1 Nd7 18. Rac1 Nc5 {0-1 (53) Graf,A (2630)-Rabiega,R (2503) playchess.com INT 2003}) 12... Nbd7 13. Ne1 Rac8 14. Nd3 Bd6 15. f3 Rhd8 16. Nd1 Nc5 17. Ba5 Re8 18. N1f2 Nfd7 19. e4 e5 20. Bd1 g6 21. Kf1 f5 (21... Rf8 {is more complex.} 22. Bc2 Ne6 23. Bc3 Nd4 24. a4 Nxc2 25. Rxc2 bxa4 26. Rxa4 Ke6) 22. Bc2 ({Better is} 22. Nxc5 $11 Nxc5 23. Bc2) 22... fxe4 ({Black should play} 22... Ne6 $15) 23. Nxc5 $11 {The position is equal.} Nxc5 24. Nxe4 Nxe4 25. Bxe4 Bxe4 26. fxe4 Ke6 27. Ke2 Bc5 28. Rc2 {[#] Threatens to win with Rac1.} Rf8 {White must now prevent ...Rf2+.} 29. Rac1 Rf2+ $1 30. Kd3 {aiming for Rxf2.} Rxc2 31. Rxc2 {And now Bb6! would win.} Kd7 32. b3 Bg1 33. Rxc8 Kxc8 34. h3 Kd7 35. Bc3 {Accuracy: White = 66%, Black = 65%.} 1/2-1/2

[Event "Match Karjakin-Inarkiev 2019"]
[Site "Nazran"]
[Date "2019.08.03"]
[Round "6.1"]
[White "Inarkiev, Ernesto"]
[Black "Karjakin, Sergey"]
[Result "0-1"]
[WhiteElo "2682"]
[BlackElo "2750"]
[Annotator "TA"]
[PlyCount "128"]
[EventDate "2019.08.02"]
[EventType "match"]
[EventCountry "RUS"]
[SourceTitle "playchess.com"]
[Source "ChessBase"]
[SourceQuality "1"]

{[%evp 10,132,1,-3,0,6,16,4,25,3,16,10,9,-16,-12,-24,0,-36,0,-1,0,-16,0,0,0,-12,0,-6,0,-6,-8,-20,-19,-26,-25,-20,-4,-8,0,-1,0,0,0,-23,-16,-25,-15,-24,-5,-6,-2,-2,0,-19,-3,-3,0,0,0,0,0,-18,-8,-8,-8,-8,0,0,0,0,-4,-4,0,-6,-6,-8,-9,-59,-59,-59,-59,-59,-59,-79,-79,-104,-59,-120,-87,-87,-80,-120,-112,-135,-139,-233,-139,-139,-139,-138,-138,-154,-154,-154,-138,-252,-262,-352,-369,-579,-716,-668,-688,-821,-820,-819,-805,-790,-783,-768,-768,-716,-716,-920,-920]} 1. d4 Nf6 2. c4 e6 3. Nc3 Bb4 4. Nf3 O-O 5. Bg5 c5 6. Rc1 cxd4 {E21: Nimzo-Indian: 4 Nf3} 7. Nxd4 h6 8. Bh4 d5 {The position is equal.} 9. cxd5 g5 10. Bg3 {With the idea dxe6.} Qxd5 11. h4 $146 ({Predecessor:} 11. a3 Bxc3+ 12. bxc3 Ne4 13. f3 Nxg3 14. hxg3 {½-½ (45) Harikrishna,P (2743)-Kramnik,V (2779) Batumi 2018}) 11... Ne4 12. e3 $1 Nc6 (12... Rd8 {is interesting.} 13. Nde2 Qxd1+ 14. Rxd1 Rxd1+ 15. Kxd1 Nxg3 16. Nxg3 Be7) 13. Qf3 Nxd4 14. exd4 Nxg3 15. Qxg3 Qxd4 {Threatens to win with ...Rd8.} 16. hxg5 Bd6 $1 {[%cal Rd6g3]} 17. Qf3 Qe5+ 18. Be2 {aiming for Rd1.} Qxg5 19. Rd1 $132 {[%mdl 2048] White is not holding back} Be5 $1 20. Rh5 Qf4 $1 21. Qxf4 Bxf4 22. g3 Bg5 23. Ne4 Be7 24. Rxh6 Rd8 25. Rxd8+ Bxd8 26. Nd6 Be7 27. Nxc8 Rxc8 $11 {[%mdl 4096] Endgame KRB-KRB} 28. Rh5 a6 29. Kd1 Bf6 30. b3 Bb2 31. a4 Rc1+ 32. Kd2 Ra1 33. Bf3 b6 34. Be2 a5 35. Rh4 Ba3 36. Bc4 Ra2+ 37. Ke1 Bc5 38. Rf4 Kg7 39. Kf1 Rd2 40. Rf3 Kg6 41. g4 Rd4 42. Bd3+ Kg7 43. Ke2 Bd6 44. g5 Rg4 45. g6 f5 46. Re3 Rxg6 47. Bc4 Kf7 48. Kd3 (48. Rh3 $15) 48... Bc5 49. Re2 Ke7 50. Kc2 Bd6 51. Kd3 e5 52. Bd5 (52. Kc2 $17) 52... Kf6 (52... e4+ $19 53. Kd4 Rg2) 53. f3 $17 Rg1 54. Bb7 Kg5 55. Kc4 Kf4 56. Rh2 Rd1 57. Kb5 {[#]} (57. Rh5 $17 {was worth a try.}) 57... Bc5 $1 $19 58. Rh5 {[#]} Rd4 $1 59. Ka6 (59. Rh4+ $142 Ke3 60. Rh5) 59... e4 {Black is clearly winning.} 60. fxe4 fxe4 61. Rh4+ Ke3 62. Bc6 Kd3 63. Bb5+ Kc3 64. Rh3+ {[#]} Kb2 {Played: Rd4-d3} 0-1

[Event "Match Karjakin-Inarkiev 2019"]
[Site "Nazran"]
[Date "2019.08.04"]
[Round "7.1"]
[White "Inarkiev, Ernesto"]
[Black "Karjakin, Sergey"]
[Result "0-1"]
[WhiteElo "2682"]
[BlackElo "2750"]
[Annotator "TA"]
[PlyCount "80"]
[EventDate "2019.08.02"]
[EventType "match"]
[EventCountry "RUS"]
[SourceTitle "playchess.com"]
[Source "ChessBase"]
[SourceQuality "1"]

{[%evp 9,80,20,12,0,0,0,0,-10,66,0,0,0,9,-51,-45,-90,-69,-88,-65,-95,-85,-82,-72,-76,-82,-92,-83,-75,-77,-83,-41,-67,-66,-92,-83,-92,-76,-103,-88,-95,-26,-36,-30,-89,-82,-89,-67,-68,-60,-57,-84,-62,-71,-112,-136,-154,0,0,0,0,0,0,64,-525,-531,-519,-518,-646,-645,-29982,-29983,-29998,-29999]} 1. d4 Nf6 2. Nf3 d5 3. g3 c6 4. c4 Bg4 5. Ne5 Bf5 6. Nc3 {D11: Slav Defence: 3 Nf3 sidelines and 3...Nf6 4 e3 Bg4} e6 7. Qb3 Qb6 8. c5 {The position is equal.} Qc7 (8... Qxb3 $11 9. axb3 Nbd7) 9. Bg2 $146 (9. Bf4 $14 Qc8 10. f3) ({Predecessor:} 9. Bf4 Qc8 10. Bg2 Nbd7 11. Nxd7 Qxd7 12. O-O Be7 {0-1 (48) Delorme,A (2513)-Korobov,A (2687) Bastia 2016}) 9... Nbd7 $11 10. Bf4 {Strongly threatening Ng6!} Nh5 11. e3 (11. Bd2 $11) 11... Nxf4 12. exf4 Be7 13. O-O O-O 14. Rac1 Nxe5 15. fxe5 f6 16. f4 fxe5 17. fxe5 Bg5 {...Be3+ is the strong threat.} 18. Rce1 b6 19. Na4 Rab8 {aiming for ...bxc5.} 20. cxb6 axb6 {[%cal Ba7b6,Bb6b5][%mdl 32]} 21. Qc3 Qd7 22. b3 Rfc8 23. h4 Be7 24. Qd2 c5 (24... g6 $17 25. Rc1 Ba3) 25. dxc5 b5 26. Rxf5 (26. Nb2 $1 $11 {keeps the balance.}) 26... exf5 27. Nb2 ({Avoid the trap} 27. Qxd5+ $2 Qxd5 28. Bxd5+ Kf8 $19) ({Wrong is} 27. Bxd5+ $2 Kh8 $19) 27... Bxc5+ 28. Kh2 d4 29. Nd3 $1 Be7 30. Nf4 Kh8 31. Bd5 {With the idea Be6.} Qa7 32. Be6 Rc5 $2 (32... Rf8 $17 {White must now prevent ...g5.} 33. Rd1 Rbd8) 33. Bxf5 Rf8 34. Bd3 {White wants to play Ne6.} Rc3 35. Qe2 Bxh4 (35... g6 $11) 36. Ne6 $2 {[%mdl 8192] [#]} (36. Qe4 $1 $14 {stays ahead.} Rxd3 37. Nxd3) 36... Rxd3 $1 $19 {[%mdl 576] Deflection} 37. Qxd3 Rf2+ {[%mdl 64] Double Attack} 38. Kg1 Qxa2 {( -> ...Rg2+)} 39. Qe4 Bxg3 40. Ng5 {[#]} Rf1+ $1 {[%mdl 512] Accuracy: White = 25%, Black = 73%.} 0-1

[Event "Match Karjakin-Inarkiev 2019"]
[Site "Nazran"]
[Date "2019.08.04"]
[Round "8.1"]
[White "Karjakin, Sergey"]
[Black "Inarkiev, Ernesto"]
[Result "1-0"]
[WhiteElo "2750"]
[BlackElo "2682"]
[Annotator "TA"]
[PlyCount "155"]
[EventDate "2019.08.02"]
[EventType "match"]
[EventCountry "RUS"]
[SourceTitle "playchess.com"]
[Source "ChessBase"]
[SourceQuality "1"]

{[%evp 9,155,10,26,12,11,-5,1,-6,1,-6,0,-10,12,10,32,19,31,27,61,64,79,47,84,78,87,85,72,76,77,69,129,48,45,56,47,21,42,14,17,11,8,7,19,20,8,9,8,0,0,0,0,0,26,0,0,0,25,25,12,10,10,10,13,0,20,22,18,0,0,0,19,0,0,0,0,0,0,0,8,0,8,7,13,0,52,0,0,0,0,0,0,0,573,308,309,302,291,138,369,13,238,61,280,13,13,12,273,276,260,0,0,0,0,0,0,0,0,0,0,0,0,0,0,0,0,0,0,0,0,0,0,0,0,0,0,0,0,0,0,0,8,8,8,8,5612,5601,5061,4622]} 1. e4 c6 2. Nf3 d5 3. exd5 cxd5 4. d4 Nf6 5. Ne5 Nc6 6. Bb5 {B13: Caro-Kann: Exchange Variation and Panov-Botvinnik Attack} Bd7 7. Bxc6 Bxc6 8. O-O {The position is equal.} e6 9. Bg5 Bd6 $146 (9... Qb6 {seems wilder.} 10. Nxc6 bxc6 11. b3 Ne4 12. Be3 Be7) ({Predecessor:} 9... Be7 10. Nd2 O-O 11. c3 Rc8 {0-1 (36) Garcia Jimenez,F (2297)-Topalov,V (2777) Villarrobledo 2008}) 10. Nd2 Qc7 11. Re1 Bxe5 12. dxe5 Ne4 13. Bf4 O-O-O 14. Nf3 f6 15. Bg3 Rhe8 16. exf6 Nxg3 17. f7 ({Much worse is} 17. fxg3 $6 gxf6 18. Qd4 Qb6 $11) 17... Re7 18. hxg3 {Threatens to win with Ne5.} e5 19. Qd2 h6 (19... Rf8 $14) 20. Qb4 ({Better is} 20. Qe3 $16 {[%cal Rf3e5]} e4 21. Qxa7) 20... e4 $14 21. Nd4 Rxf7 22. c4 dxc4 23. Qxc4 (23. Rad1 $5 {[%cal Rd4e6]} Rdd7 24. Qxc4 $14) 23... Bd5 24. Qb4 {Rac1 is the strong threat.} Kb8 25. Rac1 Qd6 (25... Qe5 {with more complications.} 26. a4 Qf6 27. Rc2 b6 28. Qc3 Rfd7) 26. Qxd6+ Rxd6 27. a3 a6 28. Rc3 b6 29. Rc2 Bb7 30. Ne2 e3 31. fxe3 (31. f3 {keeps more tension.} Re7 32. Nc3 Rd3 33. Nd1 a5 34. Rce2) 31... Re7 32. Nc3 Rg6 33. Kh2 Re5 34. Rf2 Rh5+ 35. Kg1 Rxg3 36. e4 Rc5 37. Rd1 Rc7 38. Rf4 Rg5 39. Kf2 Re5 40. Rd4 Rce7 41. g3 Ka7 42. Ke3 b5 43. Rf8 Kb6 44. Kf4 Rg5 45. g4 Bc6 46. b4 Bb7 ({Black should try} 46... Rge5 $11) 47. Nd5+ (47. a4 $14) 47... Bxd5 $1 $11 48. exd5 {[%mdl 4096] Endgame KRR-KRR} Re1 49. Rf5 Rg6 50. d6 {d7 would kill now.} Re8 $2 {[%mdl 8192]} (50... Rf1+ $11 51. Ke3 Re6+ 52. Kd2 Rxf5 53. gxf5 Re8) 51. Rf7 Rd8 52. d7 Kc7 53. Rd2 (53. Rd3 $1 $18 {and the rest is easy.} Rg5 54. Rd2) 53... Rg5 $2 (53... Rc6 $16 {was necessary.}) 54. Re7 $2 ({White should play} 54. Rf5 $18 Rg6 55. Rc5+ Kb7 56. Kf5 Rf6+ 57. Ke5) 54... Kb7 $2 (54... Rg6 $11) 55. Re5 $2 (55. Rd1 $1 $18) 55... Rg6 $2 {[#]} (55... Rf8+ $14 56. Rf5 Rgxf5+ 57. gxf5 Kc7) 56. Re8 $2 (56. Rc5 $1 $18) 56... Kc7 57. Re7 Rg5 $2 {[%mdl 8192] [#]} (57... h5 $11 {and Black has nothing to worry.}) 58. Rf7 $1 $18 Kb7 59. Rc2 $2 (59. Rd6 $18) 59... Rd5 $11 60. Rxg7 R8xd7 61. Rxd7+ Rxd7 {KR-KR} 62. Kf5 Rg7 63. Re2 {Hoping for Re6.} Rg5+ 64. Kf4 {Strongly threatening Re6.} Rg6 65. Re5 Kc7 66. Kg3 Kd6 67. Rf5 Ke6 68. Kh4 Ke7 69. Kh5 Rd6 70. Rf3 Re6 71. Rc3 Kd7 72. Rc5 Ke7 73. Rc7+ Kf8 $1 74. Rh7 Re3 75. Kxh6 Rxa3 76. g5 {Black must now prevent Rh8+.} a5 $2 {[%mdl 8192]} (76... Rg3 $11) 77. bxa5 $18 Rxa5 78. Rb7 {Accuracy: White = 44%, Black = 47%.} 1-0